000 01025nam a2200241 a 4500
001 68919
003 BD-RjUL
005 20211209081829.0
008 170408s1964 bg a|||| |||| 00| 0 eng d
035 _a(BD-RjUL)69130
040 _aBD-RjUL
_beng
_cBD-RjUL
041 _aeng
082 _223
_a973.923
_bJOA 1964
100 _aজনসন, লিন্ডন বি.
_9204225
245 _aআমার আশার আমেরিকা /
_cলিন্ডন বি. জনসন, অনুবাদ মোসলেম আলী বিশ্বাস
260 _aঢাকা :
_bসাইনিং বুক এজেন্সী,
300 _a১১৮ পৃ. :
_bচিত্র;
_c২২ সেমি.
500 _aচিত্র সংযুক্ত।
650 _aইউ এস
_xরাজনীতি এবং সরকার
_9204226
650 _aUnited States
_xPolitics and government
_9129735
700 _aবিশ্বাস, মোসলেম আলী [অনু:]
_9204227
942 _2ddc
_cBK
999 _c68919
_d68919